| 000 | 00509nam a2200145Ia 4500 | ||
|---|---|---|---|
| 008 | 100204s9999 xx 000 0 und d | ||
| 082 | _b4642 | ||
| 100 | _aरांगणेकर कुमुदिनी | ||
| 245 | _aकिती चतुर नायिका | ||
| 260 |
_b"निशान्त प्रकाशन , पुणे" _c1978 |
||
| 300 | _a137 | ||
| 630 | _aकिती चतुर नायिका | ||
| 730 | _aकिती चतुर नायिका | ||
| 942 | _cBOOK | ||
| 999 |
_c449351 _d449348 |
||